Meždunarodnyj bank ekonomičeskogo sotrudničestva

Saved in:
Bibliographic Details
Format: Book
Language:Russian
Published: Moskva Meždbank 1990
Edition:1. izd.
Tags: Add Tag
No Tags, Be the first to tag this record!

MARC

LEADER 00000nam a2200000 4500
001 c028102
005 20221215134029.9
041 0 |a rus 
044 |a RU 
245 1 0 |a Meždunarodnyj bank ekonomičeskogo sotrudničestva 
250 |a 1. izd. 
264 1 |a Moskva  |b Meždbank  |c 1990 
300 |a 32 s.